Resumen histórico del antiguo Reino de Navarra / (Record no. 161004)

MARC details
000 -LEADER
campo de control de longitud fija 00747nam a22002055i 4500
001 - NÚMERO DE CONTROL
campo de control 161004
003 - IDENTIFICADOR DE NÚMERO DE CONTROL
campo de control ES-MaACL
005 - FECHA Y HORA DE LA ÚLTIMA TRANSACCIÓN
campo de control 20250930063140.0
008 - DATOS DE LONGITUD FIJA--INFORMACIÓN GENERAL
campo de control de longitud fija 980128s1887 sp |||| | spa d
040 ## - FUENTE DE CATALOGACIÓN
Centro catalogador/agencia de origen NA
Lengua de catalogación spa
Centro/agencia transcriptor NA
100 1# - ENTRADA PRINCIPAL--NOMBRE DE PERSONA
Nombre de persona Olóriz, Hermilio de,
Fechas asociadas al nombre 1854-1919
9 (RLIN) 130650
245 10 - MENCIÓN DEL TÍTULO
Título Resumen histórico del antiguo Reino de Navarra /
Mención de responsabilidad, etc. por Hermilio de Olóriz.
260 ## - PUBLICACIÓN, DISTRIBUCIÓN, ETC.
Lugar de publicación, distribución, etc. Pamplona [Palacio de la Diputación] :
Nombre del editor, distribuidor, etc. [s.n.],
Fecha de publicación, distribución, etc. 1887 (
Fabricante Imprenta Provincial á cargo de V. Cantera)
300 ## - DESCRIPCIÓN FÍSICA
Extensión 163 p. ;
Dimensiones 21 cm.
510 4# - NOTA DE CITAS O REFERENCIAS BIBLIOGRÁFICAS
Nombre de la fuente Pérez Goyena,
Localización dentro de la fuente 7057
596 #1 - NOTA AL PIE DE IMPRENTA
NOTA AL PIE DE IMPRENTA Dirección tomada de "La imprenta en Navarra" (1974), p. 255.
597 #1 - NOTA DE DESCRIPCIÓN FÍSICA
NOTA DE DESCRIPCIÓN FÍSICA Signaturizado.
852 ## - LOCALIZACIÓN
Ubicación ES-MaACL
Número de control de estantería G-2661
Nota libre -- Enc. hol.
Holdings
Estatus retirado Estado de pérdida Estado de daño No para préstamo Colección Biblioteca de origen Biblioteca actual Ubicación en estantería Fecha de adquisición Fuente de adquisición Total de préstamos Signatura topográfica completa Código de barras Visto por última vez Precio de reemplazo Tipo de ítem Koha
        Libros del s. XIX Biblioteca del Ateneo de Madrid Biblioteca del Ateneo de Madrid Depósito 2 17/01/2008     G-2661 1168617 23/02/2023 23/02/2023 Libro impreso antiguo